5HLuxD.jpg

KING HENRY VIII SENIOR AND PRIMARY SCHOOL LIBRARY OPAC

LITTLE MISS COLLECTION (Record no. 4893)

000 -LEADER
fixed length control field 00522nam a22001217a 4500
008 - FIXED-LENGTH DATA ELEMENTS--GENERAL INFORMATION
fixed length control field 250422b ||||| |||| 00| 0 eng d
020 ## - INTERNATIONAL STANDARD BOOK NUMBER
International Standard Book Number 9780603570612
082 ## - DEWEY DECIMAL CLASSIFICATION NUMBER
Classification number 800 HAR
100 ## - MAIN ENTRY--PERSONAL NAME
Personal name HARGREAVES,ROGER
Relator term AUTHOR
245 ## - TITLE STATEMENT
Title LITTLE MISS COLLECTION
260 ## - PUBLICATION, DISTRIBUTION, ETC.
Place of publication, distribution, etc. Great Britain
Name of publisher, distributor, etc. Dean
Date of publication, distribution, etc. 2015
942 ## - ADDED ENTRY ELEMENTS (KOHA)
Source of classification or shelving scheme
Holdings
Withdrawn status Lost status Source of classification or shelving scheme Damaged status Not for loan Collection code Permanent Location Current Location Shelving location Date acquired Total Checkouts Full call number Barcode Date last seen Date last checked out Price effective from Koha item type Public note
          Fiction KH8 Primary School Library KH8 Primary School Library Fiction 2025-04-22 1 800 HAR KHPL000006745 2026-04-09 2025-05-08 2025-04-22 Books - Fiction KH8 PRIMARY LIBRARY

Powered By KH8 IT Dept